Investigation of the influence of white fillers on the formation of N-Nitrosoamines in rubber compounds (Record no. 61630)

MARC details
000 -LEADER
fixed length control field 00531nam a2200193Ia 4500
100 ## - MAIN ENTRY--AUTHOR NAME
Personal name Gorl U
245 #0 - TITLE STATEMENT
Title Investigation of the influence of white fillers on the formation of N-Nitrosoamines in rubber compounds
260 ## - PUBLICATION, DISTRIBUTION, ETC. (IMPRINT)
Name of publisher Kautschuk Gummi Kunststoffe
Year of publication 1994
300 ## - PHYSICAL DESCRIPTION
Number of Pages 430-435
650 ## - SUBJECT ADDED ENTRY--TOPICAL TERM
Topical Term Filler
650 ## - SUBJECT ADDED ENTRY--TOPICAL TERM
Topical Term N-nitrosoamine
650 ## - SUBJECT ADDED ENTRY--TOPICAL TERM
Topical Term Rubber compound
700 ## - ADDED ENTRY--PERSONAL NAME
Personal name Bomal Y
700 ## - ADDED ENTRY--PERSONAL NAME
Personal name Cochet P
700 ## - ADDED ENTRY--PERSONAL NAME
Personal name De Kok J J
700 ## - ADDED ENTRY--PERSONAL NAME
Personal name Muller H
942 ## - ADDED ENTRY ELEMENTS (KOHA)
Koha item type Journals
Holdings
Withdrawn status Lost status Damaged status Not for loan Home library Current library Shelving location Date acquired Serial Enumeration / chronology Koha item type
      Journals RRII Library RRII Library Rubber chemistry 17/12/2021 Volume 47, Issue 6 Journals